| 000 | 00442nam a2200181Ia 4500 | ||
|---|---|---|---|
| 003 | GCL | ||
| 008 | 140319s9999 xx 000 0 ara d | ||
| 040 |
_aGCL / _cGCL |
||
| 082 | 0 | 4 |
_a641.7 _bد ف |
| 245 | 1 | 0 | _aفن الطبخ |
| 260 |
_a[S.N] : _bدار الهدى الوطنية |
||
| 300 | _a204 ص | ||
| 490 | _a | ||
| 650 | 0 | 4 | _aالاقتصاد المنزلى |
| 650 | 0 | 4 | _aالتغذية |
| 650 | 0 | 4 | _aالطهى |
| 942 |
_2ddc _cBK |
||
| 999 |
_c54023 _d54023 |
||